000 00276nam a2200085Ia 4500
245 0 _aRicky, Karim and Spit Nolan : adventure short stories : access version
100 _a MITCHELL, Pratima Harlow, 2003
_978741
942 _cBK
008 210817s9999 xx 000 0 und d
999 _c272647
_d272646